The all-sufficient Christ : (Record no. 4231)
[ view plain ]
| 000 -LEADER | |
|---|---|
| fixed length control field | 00684nam a2200241Ia 4500 |
| 001 - CONTROL NUMBER | |
| control field | 12594 |
| 003 - CONTROL NUMBER IDENTIFIER | |
| control field | GBCCL |
| 005 - DATE AND TIME OF LATEST TRANSACTION | |
| control field | 20241126110514.0 |
| 008 - FIXED-LENGTH DATA ELEMENTS--GENERAL INFORMATION | |
| fixed length control field | 821029s1982 nbu 00010 eng d |
| 020 ## - INTERNATIONAL STANDARD BOOK NUMBER | |
| International Standard Book Number | 0847411907 |
| 035 ## - SYSTEM CONTROL NUMBER | |
| System control number | OCM08905836 |
| 040 ## - CATALOGING SOURCE | |
| Original cataloging agency | BSC |
| Transcribing agency | BSC |
| Modifying agency | LBB |
| 049 ## - | |
| -- | LBBK |
| 082 ## - DEWEY DECIMAL CLASSIFICATION NUMBER | |
| Classification number | 227.707 |
| Item number | EPP |
| 090 ## - LOCALLY ASSIGNED LC-TYPE CALL NUMBER (OCLC); LOCAL CALL NUMBER (RLIN) | |
| Classification number (OCLC) (R) ; Classification number, CALL (RLIN) (NR) | BS2715.5 |
| Local cutter number (OCLC) ; Book number/undivided call number, CALL (RLIN) | .E66 |
| 092 ## - LOCALLY ASSIGNED DEWEY CALL NUMBER (OCLC) | |
| Classification number | 227.707 |
| Item number | E64 |
| 100 10 - MAIN ENTRY--PERSONAL NAME | |
| Personal name | Epp, Theodore H., |
| Dates associated with a name | 1907- |
| 9 (RLIN) | 405 |
| 245 14 - TITLE STATEMENT | |
| Title | The all-sufficient Christ : |
| Remainder of title | studies in Colossians / |
| Statement of responsibility, etc. | by Theodore H. Epp. |
| 260 0# - PUBLICATION, DISTRIBUTION, ETC. | |
| Place of publication, distribution, etc. | Lincoln, Neb. : |
| Name of publisher, distributor, etc. | Back to the Bible, |
| Date of publication, distribution, etc. | c1982. |
| 300 ## - PHYSICAL DESCRIPTION | |
| Extent | 179 p. ; |
| Dimensions | 22 cm. |
| 630 00 - SUBJECT ADDED ENTRY--UNIFORM TITLE | |
| Uniform title | Bible. |
| Name of part/section of a work | N.T. |
| -- | Colossians |
| General subdivision | Commentaries. |
| 9 (RLIN) | 3479 |
| 942 ## - ADDED ENTRY ELEMENTS (KOHA) | |
| Source of classification or shelving scheme | Dewey Decimal Classification |
| Koha item type | Books |
| Koha issues (borrowed), all copies | 3 |
| Withdrawn status | Lost status | Source of classification or shelving scheme | Damaged status | Not for loan | Home library | Current Library | Shelving location | Date acquired | Total checkouts | Full call number | Barcode | Date last seen | Date last checked out | Copy number | Price effective from | Koha item type |
|---|---|---|---|---|---|---|---|---|---|---|---|---|---|---|---|---|
| Dewey Decimal Classification | GRACE BIBLE COLLEGE | GRACE BIBLE COLLEGE | Biblical Studies | 2018-01-17 | 3 | 227.707 EPP | 003575 | 2025-05-01 | 2022-09-13 | c.1 | 2018-01-17 | Books |